Pulavrittham/ (Record no. 60436)

000 -LEADER
fixed length control field 00420nam a22001457a 4500
082 ## - DEWEY DECIMAL CLASSIFICATION NUMBER
Classification number M1
Item number PAD/P
100 ## - MAIN ENTRY--PERSONAL NAME
Personal name Padmanabha Panikkar Mooloor
9 (RLIN) 94870
245 ## - TITLE STATEMENT
Title Pulavrittham/
Statement of responsibility, etc. by Mooloor S Padmanabha Panikkar
260 ## - PUBLICATION, DISTRIBUTION, ETC.
Place of publication, distribution, etc. Pathanamthitta:
Name of publisher, distributor, etc. Mooloor Smaraka Commite,
Date of publication, distribution, etc. 1990.
300 ## - PHYSICAL DESCRIPTION
Extent 90p.
650 ## - SUBJECT ADDED ENTRY--TOPICAL TERM
Topical term or geographic name entry element Poetry Malayalam
9 (RLIN) 94871
650 ## - SUBJECT ADDED ENTRY--TOPICAL TERM
Topical term or geographic name entry element Literature Malayalam
9 (RLIN) 94872
650 ## - SUBJECT ADDED ENTRY--TOPICAL TERM
Topical term or geographic name entry element Literature
9 (RLIN) 94873
942 ## - ADDED ENTRY ELEMENTS (KOHA)
Koha item type Book
Holdings
Withdrawn status Lost status Source of classification or shelving scheme Damaged status Not for loan Permanent Location Current Location Shelving location Date acquired Cost, normal purchase price Total Checkouts Full call number Barcode Date last seen Price effective from Koha item type
          Sree Sankaracharya University of Sanskrit Sree Sankaracharya University of Sanskrit Stacks 30.04.2016 15.00   M1 PAD/P 009375 30.04.2016 30.04.2016 Book